Find the European Countries Without 'E' Quiz Stats

 Plays Quiz Updated Oct 2, 2017

Challenge
Share
Tweet
Score 0/24 Timer 03:00
19 Plays Today
% Correct
Italy
96%
Spain
95.5%
Portugal
94%
Norway
93.1%
Finland
91.6%
Poland
91.4%
Russia
89.8%
Austria
89.5%
Romania
87.7%
Latvia
87.5%
Lithuania
86.7%
Hungary
83.9%
% Correct
Croatia
83.5%
Bulgaria
81.6%
Slovakia
81.3%
Albania
77.9%
Moldova
75.4%
Kosovo
72%
Vatican City
71.4%
Cyprus
64.8%
San Marino
64.4%
Andorra
63.3%
Malta
60.9%
Monaco
56.3%

You're not logged in!

Compare scores with friends on all Sporcle quizzes.
Join for Free
OR
Log In

You Might Also Like...

Show Comments

Extras

Top Quizzes Today


Score Distribution

Your Account Isn't Verified!

In order to create a playlist on Sporcle, you need to verify the email address you used during registration. Go to your Sporcle Settings to finish the process.

Report this User

Report this user for behavior that violates our Community Guidelines.

Details: